000 00813nam a2200253 i 4500
001 12839
003 ES-MaACL
005 20230906150423.0
007 t|
008 960822s1995 sp |||| | spa j
020 _a84-920713-3-8
080 _a32(497.1)"1980/92"
100 1 _aHall, Brian.
_961558
245 1 3 _aEl país imposible
_b: Yugoslavia, viaje al borde del naufragio /
_cBrian Hall ; traducido del inglés por Mireia Porta i Arnau.
250 _a1ª ed.
260 _aBarcelona :
_bFlor del Viento,
_c1995.
300 _a357 p. ;
_c23 cm.
490 1 _aCuatro vientos ;
_v4
651 4 _aYugoslavia-
_xPolítica y gobierno-
_y1980-1992.
_9168633
700 1 _aPorta i Arnau, Mireia.
_993179
830 0 _aCuatro vientos ;
_v4
_9228343
852 _aES-MaACL
_jL-20199
999 _c12839
_d12839